Branded Spaces. Experience Enactments and Entanglements.
Saved in:
| Other Authors: | , |
|---|---|
| Format: | Book |
| Published: |
Wiesbaden, Germany:
Springer VS,
2013.
|
| Series: | Management-Culture-Interpretation
|
| Subjects: | |
| Tags: |
Add Tag
No Tags, Be the first to tag this record!
|
MARC
| LEADER | 00000nam a22000007a 4500 | ||
|---|---|---|---|
| 003 | CL-VaPUC | ||
| 005 | 20230104113811.0 | ||
| 008 | 221012t2013 ||||| |||| 00| 0 eng d | ||
| 999 | |c 439134 |d 439132 | ||
| 020 | |a 978-3-658-01560-2 | ||
| 040 | |c Pontificia Universidad Católica de Valparaíso | ||
| 082 | 0 | 4 | |2 22 |a 658.8 SON 2013 |
| 100 | 1 | |a Sonnenburg, Stephan |e editor |9 877569 | |
| 245 | 1 | 0 | |a Branded Spaces. |b Experience Enactments and Entanglements. |
| 260 | |a Wiesbaden, Germany: |b Springer VS, |c 2013. | ||
| 300 | |a 286 páginas. | ||
| 490 | 0 | |a Management-Culture-Interpretation | |
| 500 | |a c.1. Donación Rector saliente Claudio Elortegui, Julio 2022. | ||
| 583 | |c 20221012 |k Catalogador Asistente | ||
| 650 | 1 | |a Negocios y economía |x Marketing |9 878189 | |
| 650 | 1 | |a Marca (Marketing) |9 878190 | |
| 650 | 1 | |a Negocios y economía |x Distribución |9 878191 | |
| 650 | 1 | |a Economía |x Aspectos sociológicos |9 878192 | |
| 650 | 1 | |a Teoría organizacional |9 695897 | |
| 650 | 1 | |a Productos de marca |x Marketing |9 878193 | |
| 700 | |a Baker, Laura |e editor |9 877570 | ||
| 942 | |2 ddc |c BK | ||
| 952 | |0 0 |1 0 |2 ddc |4 0 |6 658_800000000000000_SON_2013 |7 0 |8 A |9 587199 |a BIBING |b BIBING |c GEN |d 2022-10-12 |e Donación |i 5655142 |o 658.8 SON 2013 |p 5655142 |r 2025-01-20 |t 1 |w 2022-10-12 |y BK |k EII | ||